Úprava platových podmienok v priemysle, stavebníctve a živnostiach

Saved in:
Bibliographic Details
Format: Book
Language:Slovak
Published: Bratislava Ústredné sdruženie slovenského priemyslu 1950
Tags: Add Tag
No Tags, Be the first to tag this record!

MARC

LEADER 00000nam a2200000 4500
001 0308047
005 20250408140545.1
041 0 |a slo 
044 |a SK 
245 1 0 |a Úprava platových podmienok v priemysle, stavebníctve a živnostiach  |c V. Bušša 
264 1 |a Bratislava  |b Ústredné sdruženie slovenského priemyslu  |c 1950